LEADER 02617nam 22005175 450 001 9910345989303321 005 20260404110038.0 010 $a3-11-088012-1 024 7 $a10.1515/9783110880120 035 $a(CKB)4100000007805071 035 $a(MiAaPQ)EBC5726286 035 $a(DE-B1597)39692 035 $a(OCoLC)1100442321 035 $a(DE-B1597)9783110880120 035 $a(oapen)https://directory.doabooks.org/handle/20.500.12854/43529 035 $a(oapen)doab43529 035 $a(ODN)ODN0013024997 035 $a(EXLCZ)994100000007805071 100 $a20191022d2019 fg 101 0 $afre 135 $aurcnu|||||||| 181 $ctxt$2rdacontent 182 $cc$2rdamedia 183 $acr$2rdacarrier 200 13$aLa colonisation agricole au Moyen-Ouest malgache. La petite région d'Ambohimanambola $e(Sous-préfecture de Betafo) /$fJean-Yves Marchal 205 $aReprint 2019 210 $cDe Gruyter$d1975 210 1$aBerlin ;$aBoston : $cDe Gruyter Mouton, $d[2019] 210 4$d©1975 215 $a1 online resource (184 pages) 225 0 $aAtlas des structures agraires a Madagascar ;$v2 300 $aTitle from eBook information screen.. 311 08$a90-279-7935-9 327 $tFrontmatter -- $tAVANT-PROPOS -- $tINTRODUCTION: LES OBJECTIFS ET LA RÉALISATION D'UNE RECHERCHE -- $tI. LES CONDITIONS RÉGIONALES D'UNE COLONISATION AGRICOLE -- $tII. LA POPULATION ET L'AMÉNAGEMENT DE L'ESPACE -- $tIII. LA CONDITION PAYSANNE : LE BILAN DE LA COLONISATION -- $tCONCLUSION: ÉCHEC OU RÉUSSITE DE LA COLONISATION ? -- $tBIBLIOGRAPHIE -- $tLISTE DES CARTES ET PLANCHE ANNEXES -- $tTABLE DES MATIÈRES -- $tListe des cartes et planche annexes 330 $aTo celebrate the 270th anniversary of the De Gruyter publishing house, the company is providing permanent open access to 270 selected treasures from the De Gruyter Book Archive. Titles will be made available to anyone, anywhere at any time that might be interested. The DGBA project seeks to digitize the entire backlist of titles published since 1749 to ensure that future generations have digital access to the high-quality primary sources that De Gruyter has published over the centuries. 606 $aAgriculture$xEconomic aspects 615 0$aAgriculture$xEconomic aspects. 676 $a338.1 686 $aSOC026000$2bisacsh 700 $aMarchal$b Jean-Yves, $0636305 801 0$bDE-B1597 801 1$bDE-B1597 906 $aBOOK 912 $a9910345989303321 996 $aLa colonisation agricole au Moyen-Ouest malgache. La petite région d'Ambohimanambola$92285832 997 $aUNINA